Fundamentals of Applied Pathophysiology : (Record no. 15238)
[ view plain ]
| 000 -LEADER | |
|---|---|
| fixed length control field | 01505cam a22003858a 4500 |
| 001 - CONTROL NUMBER | |
| control field | 15387954 |
| 005 - DATE AND TIME OF LATEST TRANSACTION | |
| control field | 20100217095355.0 |
| 008 - FIXED-LENGTH DATA ELEMENTS--GENERAL INFORMATION | |
| fixed length control field | 080728s2009 enk b 001 0 eng |
| 010 ## - LIBRARY OF CONGRESS CONTROL NUMBER | |
| LC control number | 2008033266 |
| 020 ## - INTERNATIONAL STANDARD BOOK NUMBER | |
| International Standard Book Number | 0470517956 |
| 020 ## - INTERNATIONAL STANDARD BOOK NUMBER | |
| International Standard Book Number | 9780470517956 (pbk.) |
| 035 ## - SYSTEM CONTROL NUMBER | |
| System control number | (DNLM)101479997 |
| 040 ## - CATALOGING SOURCE | |
| Original cataloging agency | DNLM/DLC |
| Transcribing agency | DLC |
| Modifying agency | DLC |
| 042 ## - AUTHENTICATION CODE | |
| Authentication code | pcc |
| 050 00 - LIBRARY OF CONGRESS CALL NUMBER | |
| Classification number | RB113 |
| Item number | .F86 2009 |
| 060 10 - NATIONAL LIBRARY OF MEDICINE CALL NUMBER | |
| Classification number | QZ 4 |
| Item number | F981 2008 |
| 082 00 - DEWEY DECIMAL CLASSIFICATION NUMBER | |
| Classification number | 616.07 |
| Edition number | 22 |
| Item number | FUN |
| 245 00 - TITLE STATEMENT | |
| Title | Fundamentals of Applied Pathophysiology : |
| Statement of responsibility, etc | Edited, Muralitharan Nair and Ian Peate. |
| Remainder of title | An Essential Guide for Nursing Students / |
| 260 ## - PUBLICATION, DISTRIBUTION, ETC. (IMPRINT) | |
| Place of publication, distribution, etc | Chichester, West Sussex ; |
| Name of publisher, distributor, etc | Wiley Blackwell/ Jone Wiley & Sons, 2009 |
| Date of publication, distribution, etc | 2009. |
| 263 ## - PROJECTED PUBLICATION DATE | |
| Projected publication date | 0904 |
| 300 ## - PHYSICAL DESCRIPTION | |
| Extent | xiii, 530 p. |
| Dimensions | 25 cm. |
| Other physical details | col. ill. ; |
| 504 ## - BIBLIOGRAPHY, ETC. NOTE | |
| Bibliography, etc | Includes bibliographical references and index. |
| 650 #0 - SUBJECT ADDED ENTRY--TOPICAL TERM | |
| Topical term or geographic name as entry element | Physiology, Pathological. |
| 9 (RLIN) | 23571 |
| 650 #0 - SUBJECT ADDED ENTRY--TOPICAL TERM | |
| Topical term or geographic name as entry element | Nursing. |
| 9 (RLIN) | 23572 |
| 650 12 - SUBJECT ADDED ENTRY--TOPICAL TERM | |
| Topical term or geographic name as entry element | Pathology |
| General subdivision | methods. |
| 9 (RLIN) | 23573 |
| 650 22 - SUBJECT ADDED ENTRY--TOPICAL TERM | |
| Topical term or geographic name as entry element | Nursing Care |
| General subdivision | methods. |
| 9 (RLIN) | 23574 |
| 650 22 - SUBJECT ADDED ENTRY--TOPICAL TERM | |
| Topical term or geographic name as entry element | Physiological Processes. |
| 9 (RLIN) | 23575 |
| 653 ## - INDEX TERM--UNCONTROLLED | |
| Resource For college | |
| Arrived date list | April2011 |
| 700 1# - ADDED ENTRY--PERSONAL NAME | |
| Personal name | Nair, Muralitharan. |
| 9 (RLIN) | 23576 |
| 700 1# - ADDED ENTRY--PERSONAL NAME | |
| Personal name | Peate, Ian. |
| 9 (RLIN) | 23577 |
| 856 41 - ELECTRONIC LOCATION AND ACCESS | |
| Materials specified | Table of contents only |
| Uniform Resource Identifier | <a href="http://www.loc.gov/catdir/toc/ecip0824/2008033266.html">http://www.loc.gov/catdir/toc/ecip0824/2008033266.html</a> |
| 942 ## - ADDED ENTRY ELEMENTS (KOHA) | |
| Source of classification or shelving scheme | Dewey Decimal Classification |
| Item type | |
| Withdrawn status | Item status | Source of classification or shelving scheme | Damaged status | Not for loan | Vendor | Home library | Current library | Shelving location | Date acquired | Source of acquisition | Cost, normal purchase price | Serial Enumeration / chronology | Total Checkouts | Total Renewals | Full call number | Barcode | Date last seen | Date last borrowed | Koha item type |
|---|---|---|---|---|---|---|---|---|---|---|---|---|---|---|---|---|---|---|---|
| Dewey Decimal Classification | Academic Bookshop | Central Library | Central Library | First floor | 03/05/2011 | 291.60 | 2065 | 17 | 107 | 616.07 FUN | 000023519 | 15/07/2025 | 01/03/2020 | Book - Borrowing |